[Event "CZE-chT2B 1516"]
[Site "Czech Republic"]
[Date "2016.03.13"]
[Round "9.4"]
[White "Braun, Marek"]
[Black "Chaloupka, Vladimir"]
[Result "1-0"]
[WhiteElo "2195"]
[BlackElo "2085"]
[PlyCount "55"]
[EventDate "2015.10.18"]
[EventType "team-tourn"]
[EventRounds "11"]
[EventCountry "CZE"]
[SourceTitle "EXT 2022"]
[Source "ChessBase"]
[SourceDate "2021.10.06"]
[SourceVersion "1"]
[SourceVersionDate "2021.10.06"]
[SourceQuality "1"]
[WhiteTeam "Turnov Zikuda II"]
[BlackTeam "Litomerice"]
[WhiteTeamCountry "CZE"]
[BlackTeamCountry "CZE"]

1. e4 c6 2. d4 d5 3. exd5 cxd5 4. Bd3 Nc6 5. c3 e6 6. Bf4 Bd6 7. Bg3 Nf6 8. Nd2 b6 9. Ngf3 Bxg3 10. hxg3 Qc7 11. Qe2 Bb7 12. 0-0 0-0 13. Rae1 g6 14. Nh2 Rfe8 15. f4 Kg7 16. g4 h6 17. Rf3 Na5 18. g5 Nh7 19. gxh6+ Kxh6 20. Qf2 Nf6 21. Qh4+ Kg7 22. Ng4 Nxg4 23. Qxg4 Rh8 24. Bxg6 fxg6 25. Rxe6 Rh6 26. Qg5 Nc6 27. Rh3 Rxh3 28. Rxg6+ 1-0

[Event "CZE-chT2B 1516"]
[Site "Czech Republic"]
[Date "2016.01.24"]
[Round "6.4"]
[White "Horak, Otakar"]
[Black "Braun, Marek"]
[Result "1/2-1/2"]
[WhiteElo "2132"]
[BlackElo "2195"]
[PlyCount "51"]
[EventDate "2015.10.18"]
[EventType "team-tourn"]
[EventRounds "11"]
[EventCountry "CZE"]
[SourceTitle "EXT 2022"]
[Source "ChessBase"]
[SourceDate "2021.10.06"]
[SourceVersion "1"]
[SourceVersionDate "2021.10.06"]
[SourceQuality "1"]
[WhiteTeam "Mlada Boleslav"]
[BlackTeam "Turnov Zikuda II"]
[WhiteTeamCountry "CZE"]
[BlackTeamCountry "CZE"]

1. d4 d6 2. c4 Nf6 3. Nc3 g6 4. Nf3 Bg7 5. g3 0-0 6. Bg2 Nc6 7. 0-0 a6 8. e4 Bg4 9. h3 Bxf3 10. Bxf3 e5 11. d5 Nd4 12. Bg2 c5 13. dxc6 bxc6 14. Bg5 Qb6 15. b3 a5 16. Rc1 h6 17. Be3 Nd7 18. Qd2 Kh7 19. f4 Qb4 20. f5 c5 21. g4 g5 22. Qf2 Qb7 23. h4 f6 24. Bf3 Nb6 25. a4 Nd7 26. Rb1 1/2-1/2

[Event "CZE-chT2B 1516"]
[Site "Czech Republic"]
[Date "2015.12.06"]
[Round "4.2"]
[White "Vagner, Tomas"]
[Black "Braun, Marek"]
[Result "0-1"]
[WhiteElo "2208"]
[BlackElo "2195"]
[PlyCount "80"]
[EventDate "2015.10.18"]
[EventType "team-tourn"]
[EventRounds "11"]
[EventCountry "CZE"]
[SourceTitle "EXT 2022"]
[Source "ChessBase"]
[SourceDate "2021.10.06"]
[SourceVersion "1"]
[SourceVersionDate "2021.10.06"]
[SourceQuality "1"]
[WhiteTeam "Most Chess"]
[BlackTeam "Turnov Zikuda II"]
[WhiteTeamCountry "CZE"]
[BlackTeamCountry "CZE"]

1. e4 d6 2. d4 Nf6 3. Nc3 c6 4. Nf3 Nbd7 5. a4 e5 6. dxe5 dxe5 7. Bc4 Bb4 8. 0-0 0-0 9. Na2 Be7 10. Re1 a5 11. c3 Qc7 12. Bg5 Nc5 13. Qc2 h6 14. Bh4 Nh5 15. b4 axb4 16. cxb4 Nxa4 17. Nc3 Bxh4 18. Nxh4 Nb6 19. Rxa8 Nxa8 20. Qa2 Nb6 21. Qa5 Qd8 22. Bf1 Qxh4 23. Qxb6 Qg5 24. Re3 Nf4 25. Rg3 Qd8 26. Qc5 Qf6 27. b5 Rd8 28. b6 h5 29. Re3 Rd2 30. Re1 Qg5 31. g3 Nh3+ 32. Bxh3 Bxh3 33. Ne2 Qd8 34. f3 Qd3 35. Kf2 Be6 36. Qe3 Qc2 37. f4 exf4 38. gxf4 Bg4 39. f5 Rd3 40. Qg5 Qc5+ 0-1

[Event "CZE-chT2B 1415"]
[Site "Czech Republic"]
[Date "2014.11.16"]
[Round "2.2"]
[White "Havranek, Miroslav"]
[Black "Braun, Marek"]
[Result "0-1"]
[WhiteElo "2166"]
[BlackElo "2195"]
[PlyCount "80"]
[EventDate "2014.11.02"]
[EventType "team-tourn"]
[EventRounds "11"]
[EventCountry "CZE"]
[SourceTitle "EXT 2022"]
[Source "ChessBase"]
[SourceDate "2021.10.06"]
[SourceVersion "1"]
[SourceVersionDate "2021.10.06"]
[SourceQuality "1"]
[WhiteTeam "Decin"]
[BlackTeam "Bakov nad Jizerou"]
[WhiteTeamCountry "CZE"]
[BlackTeamCountry "CZE"]

1. e4 d6 2. d4 Nf6 3. Nc3 c6 4. Be3 Nbd7 5. h3 e5 6. Nge2 Qa5 7. Qd2 b5 8. Ng3 h5 9. f3 g6 10. a3 a6 11. Nge2 Bb7 12. Nc1 Qc7 13. Be2 Be7 14. 0-0 Nb6 15. b3 Rd8 16. Qe1 exd4 17. Bxd4 c5 18. Bf2 d5 19. Bg3 Qc8 20. e5 Ng8 21. Nd3 Nh6 22. Bf2 Nd7 23. Bd1 Nf8 24. Ne2 Ne6 25. Ndf4 0-0 26. g4 d4 27. Nxe6 fxe6 28. Ng3 hxg4 29. hxg4 Nxg4 30. Ne4 Nxf2 31. Kxf2 Bh4+ 32. Ng3 Qc6 33. Kg2 d3 34. Qe3 Bxg3 35. Kxg3 Qd5 36. c4 Qd4 37. Qg5 Rd7 38. Ra2 Rf5 39. Qh6 Rh7 40. Qd2 Qh4+ 0-1